000 00408nam a22001697a 4500
005 20160623171105.0
008 160623b xxu||||| |||| 00| 0 eng d
020 _a023-063-843-0
041 _aeng
082 _b9663
100 _aMohan, Krishna and Barenji, Meera
_92618
245 _aDeveloping Communication Skills
260 _bMac Millan
300 _a355
650 _aManagement
_9241
942 _cBK
999 _c3737
_d3736